Chernobyl : the long shadow /

Bibliographic Details
Main Author: Park, Chris C.
Format: Book
Language:English
Published: London ; New York : Routledge, 1989.
Series:Natural environment--problems and management series.
Subjects:

MARC

Tag First Indicator Second Indicator Subfields
LEADER 00000cam a2200000 a 4500
001 in00000786921
005 20151017062128.0
008 881123s1989 enka b 00110 eng
010 |a  88032353  
020 |a 0415035538 
035 |a (OCoLC)18872893 
035 |9 ADM8483AM 
040 |a DLC  |c DLC  |d TXA  |d UtOrBLW 
043 |a e------  |a e-ur-un 
049 |a TXAM  |c [A12486154] 
050 0 0 |a TD196.R3  |b P37 1989 
082 0 |a 363.1/79  |2 19 
100 1 |a Park, Chris C. 
245 1 0 |a Chernobyl :  |b the long shadow /  |c by Chris C. Park. 
264 1 |a London ;  |a New York :  |b Routledge,  |c 1989. 
300 |a 207 pages :  |b illustrations ;  |c 23 cm. 
336 |a text  |b txt  |2 rdacontent 
337 |a unmediated  |b n  |2 rdamedia 
338 |a volume  |b nc  |2 rdacarrier 
490 1 |a The Natural environment--problems and management series 
504 |a Bibliography: pages 184-195. 
500 |a Includes index. 
650 0 |a Radioactive pollution  |x Environmental aspects  |z Europe. 
650 0 |a Nuclear industry  |x Public opinion. 
650 0 |a Chernobyl Nuclear Accident, Chornobyl', Ukraine, 1986  |x Environmental aspects. 
830 0 |a Natural environment--problems and management series. 
999 |a MARS 
999 f f |s db0b91d3-3ab8-3599-b121-cd0fcc63e39a  |i 0207e6d9-6ef1-3c73-b841-b643921c3e41  |t 0 
952 f f |p ric  |a Texas A&M University  |b Rellis Campus  |c Joint Library Facility  |d Remote Storage  |t 0  |e TD196.R3 P37 1989  |h Library of Congress classification  |i unmediated -- volume  |m A14812486154 
998 f f |a TD196.R3 P37 1989  |t 0  |l Remote Storage